[Event "Chigorin Memorial"]
[Site "St Petersburg"]
[Date "2015.10.04"]
[Round "2.175"]
[White "Shugalei, Mikhail"]
[Black "Khalaji, Hanieh"]
[Result "0-1"]
[WhiteElo "1663"]
[BlackElo "2006"]
[PlyCount "114"]
[EventDate "2015.10.03"]
[EventRounds "9"]
[EventCountry "RUS"]

1. Nf3 d5 2. e3 Nf6 3. c4 c6 4. d4 e6 5. Nbd2 Nbd7 6. Bd3 Bd6 7. O-O e5 8. e4
O-O 9. cxd5 cxd5 10. exd5 exd4 11. Nc4 Bb8 12. Nxd4 Nc5 13. Bb1 Qxd5 14. Ne3
Qd6 15. Nf3 Qc7 16. Qc2 Nfe4 17. b4 Ng5 18. Kh1 Nce4 19. Qxc7 Bxc7 20. Nd5 Bd8
21. Nxg5 Nxg5 22. Bb2 Bd7 23. Re1 Bc6 24. Ne7+ Bxe7 25. Rxe7 Rad8 26. Bc3 Ne6
27. Bf5 Nf4 28. Be4 Bd5 29. Bd2 Bxe4 30. Bxf4 Rd4 31. a3 Rfd8 32. Re1 Kf8 33.
Rc7 Bc6 34. Bg3 Re4 35. Ra1 a6 36. h3 f5 37. f3 Re2 38. Bh4 Rdd2 39. Rc8+ Kf7
40. Rc7+ Kg6 41. Rg1 Kh6 42. Re7 Bxf3 43. Rxe2 Bxe2 44. a4 g5 45. Be1 Rc2 46.
Kh2 f4 47. a5 Bb5 48. Kh1 Kg6 49. Kh2 h5 50. Kh1 Bc6 51. Kh2 h4 52. Kh1 f3 53.
b5 axb5 54. Bb4 f2 55. Rf1 Bd5 56. Rd1 Bc4 57. Rd6+ Kf5 0-1

[Event "Chigorin Memorial"]
[Site "St Petersburg"]
[Date "2015.10.04"]
[Round "2.176"]
[White "Ustich, Ekaterina"]
[Black "Tsyrendashiev, Bato"]
[Result "1-0"]
[WhiteElo "1996"]
[BlackElo "1631"]
[PlyCount "113"]
[EventDate "2015.10.03"]
[EventRounds "9"]
[EventCountry "RUS"]

1. e4 e5 2. Nf3 Nc6 3. Bb5 f5 4. Nc3 Nf6 5. exf5 d6 6. Qe2 Be7 7. d4 O-O 8.
Bxc6 bxc6 9. dxe5 dxe5 10. O-O Bd6 11. Nxe5 Re8 12. Qc4+ Be6 13. fxe6 Qe7 14.
Nf3 Qxe6 15. Qxe6+ Rxe6 16. Nd4 Ree8 17. Nxc6 Bc5 18. Be3 Bxe3 19. fxe3 Ng4 20.
e4 Ne3 21. Rf2 a5 22. Re2 Nc4 23. b3 Ne5 24. Nxe5 Rxe5 25. Nd5 Rd8 26. Nxc7 Rd7
27. Na6 Ra7 28. Nb8 Re6 29. Rd1 Rb7 30. Rd8+ Kf7 31. Rd7+ Rxd7 32. Nxd7 Ke7 33.
Nc5 Rc6 34. Nd3 g5 35. e5 Ke6 36. a4 h6 37. Nb2 Rc5 38. Nc4 Rd5 39. Rd2 Rc5 40.
Rd6+ Ke7 41. Rxh6 Rd5 42. Rd6 Rc5 43. Kf2 Rc8 44. Ke3 Rf8 45. Nxa5 Rf5 46. Nc4
Rf8 47. a5 Ra8 48. a6 g4 49. Nb6 Rxa6 50. Nd5+ Ke8 51. Rxa6 g3 52. h4 Kf8 53.
Ra7 Kg8 54. e6 Kf8 55. h5 Kg8 56. Nf6+ Kf8 57. Rf7# 1-0

[Event "Chigorin Memorial"]
[Site "St Petersburg"]
[Date "2015.10.04"]
[Round "2.177"]
[White "Lapin, Nikita"]
[Black "Vinod, G."]
[Result "0-1"]
[WhiteElo "1641"]
[BlackElo "1990"]
[PlyCount "128"]
[EventDate "2015.10.03"]
[EventRounds "9"]
[EventCountry "RUS"]

1. e4 d5 2. exd5 Qxd5 3. Nc3 Qd6 4. d4 Nf6 5. Nf3 Bg4 6. Be2 g6 7. h3 Bf5 8.
Be3 Bg7 9. Qd2 a6 10. Bf4 Qd8 11. Ne5 Ne4 12. Nxe4 Bxe4 13. f3 Bc6 14. O-O-O
Nd7 15. Nxc6 bxc6 16. Bh6 Bf6 17. g4 e6 18. f4 Rg8 19. Qc3 c5 20. Qa3 Rb8 21.
c3 cxd4 22. cxd4 c5 23. Qxa6 Bxd4 24. Bb5 Qb6 25. Bxd7+ Kxd7 26. Qxb6 Rxb6 27.
Rh2 Kc6 28. Rd3 Rgb8 29. b3 Kd5 30. Re2 f6 31. Rc2 Ke4 32. Kd2 Ra6 33. Ke2 Rba8
34. Rdd2 Rd6 35. Rc4 Rd5 36. a4 e5 37. fxe5 Rxe5 38. Rd3 Kd5+ 39. Kd1 Rae8 40.
Bd2 h5 41. gxh5 Rxh5 42. Bc3 Re4 43. a5 Reh4 44. Bxd4 Rxd4 45. Rcxd4+ cxd4 46.
a6 Ke4 47. Rg3 Ra5 48. Rxg6 Rxa6 49. Rg4+ Ke5 50. Kd2 f5 51. Rh4 Rb6 52. Kc2 f4
53. Rh8 f3 54. Rf8 Ke4 55. h4 Ke3 56. Re8+ Kf2 57. Rf8 Ke2 58. Re8+ Kf1 59. Rf8
f2 60. h5 Rh6 61. Rf5 Ke2 62. Re5+ Kf3 63. Rf5+ Ke3 64. Kd1 Rxh5 0-1

[Event "Chigorin Memorial"]
[Site "St Petersburg"]
[Date "2015.10.04"]
[Round "2.178"]
[White "Kuryshev, Ivan"]
[Black "Abdildayeva, Laura"]
[Result "1-0"]
[WhiteElo "1989"]
[BlackElo "1600"]
[PlyCount "51"]
[EventDate "2015.10.03"]
[EventRounds "9"]
[EventCountry "RUS"]

1. d4 d6 2. Nf3 g6 3. c4 Bg7 4. Nc3 c6 5. e4 Nf6 6. Be2 O-O 7. O-O Nbd7 8. Bg5
e5 9. d5 Qc7 10. Rc1 Nc5 11. Nd2 a5 12. b3 Ne8 13. a3 f5 14. f3 f4 15. Bh4 h6
16. Bf2 Nd7 17. b4 axb4 18. axb4 g5 19. c5 h5 20. Nc4 Rf6 21. dxc6 bxc6 22. Nd5
cxd5 23. Qxd5+ Kh7 24. Qxa8 dxc5 25. bxc5 Nxc5 26. Nxe5 1-0

[Event "Chigorin Memorial"]
[Site "St Petersburg"]
[Date "2015.10.04"]
[Round "2.179"]
[White "Pogorelskikh, Sofia"]
[Black "Bubnov, Kirill"]
[Result "0-1"]
[WhiteElo "1616"]
[BlackElo "1988"]
[PlyCount "58"]
[EventDate "2015.10.03"]
[EventRounds "9"]
[EventCountry "RUS"]

1. e4 e6 2. d4 d5 3. Nd2 c5 4. c3 Nc6 5. Ngf3 cxd4 6. cxd4 Qb6 7. exd5 exd5 8.
Nb3 Nf6 9. Bd3 Bb4+ 10. Bd2 O-O 11. O-O Bg4 12. Be3 Bd6 13. h3 Bh5 14. Rc1 Nb4
15. Bb1 Rac8 16. Qe2 Ne4 17. Rxc8 Rxc8 18. Rc1 Rxc1+ 19. Bxc1 f5 20. Qe3 Nc6
21. Nfd2 Bf7 22. Nf3 Qc7 23. Ne1 a5 24. Nd2 Bf4 25. Qe2 Nxd4 26. Qd1 Qxc1 27.
Qxc1 Ne2+ 28. Kf1 Nxc1 29. Nxe4 dxe4 0-1

[Event "Chigorin Memorial"]
[Site "St Petersburg"]
[Date "2015.10.04"]
[Round "2.180"]
[White "Khmelev, Mikhail"]
[Black "Zvereva, Svetlana"]
[Result "1-0"]
[WhiteElo "1988"]
[BlackElo "1545"]
[PlyCount "119"]
[EventDate "2015.10.03"]
[EventRounds "9"]
[EventCountry "RUS"]

1. e4 e5 2. Nf3 Nc6 3. d4 exd4 4. Nxd4 Qh4 5. Be2 Qxe4 6. Nb5 Kd8 7. O-O a6 8.
N1c3 Qe5 9. Nd5 axb5 10. Bf4 Qd4 11. Bxc7+ Ke8 12. Nb6 Qxd1 13. Rfxd1 Ra4 14.
Nxc8 Rd4 15. Bxb5 Rxd1+ 16. Rxd1 Bc5 17. Nd6+ Bxd6 18. Bxd6 Kd8 19. Bf8 Nge7
20. Bxg7 Rg8 21. Bf6 Rg6 22. Bxe7+ Kxe7 23. Bxc6 dxc6 24. f3 h5 25. Kf2 Rg5 26.
b3 Ra5 27. a4 b5 28. axb5 Rxb5 29. Rd4 Ke6 30. h4 f5 31. Rc4 Kd5 32. Ke3 Rb8
33. Kf4 Rg8 34. g3 Rf8 35. Rc3 c5 36. Rd3+ Ke6 37. Re3+ Kd6 38. Re5 Rb8 39.
Rxf5 Rb4+ 40. Ke3 c4 41. Rxh5 cxb3 42. cxb3 Rxb3+ 43. Ke4 Rb4+ 44. Kf5 Rb3 45.
Kg4 Ke6 46. f4 Kf6 47. Rh6+ Kg7 48. Re6 Ra3 49. h5 Kh7 50. Kh4 Ra5 51. g4 Rb5
52. Re7+ Kh8 53. f5 Ra5 54. Kg5 Kg8 55. Kg6 Ra6+ 56. f6 Ra8 57. Rg7+ Kh8 58.
Rh7+ Kg8 59. f7+ Kf8 60. Rh8+ 1-0

[Event "Chigorin Memorial"]
[Site "St Petersburg"]
[Date "2015.10.04"]
[Round "2.181"]
[White "Borunova, Tatiana"]
[Black "Tskhadadze, Anna"]
[Result "1-0"]
[WhiteElo "1599"]
[BlackElo "1988"]
[PlyCount "61"]
[EventDate "2015.10.03"]
[EventRounds "9"]
[EventCountry "RUS"]

1. e4 c6 2. Nf3 d5 3. Nc3 dxe4 4. Nxe4 Bf5 5. Ng3 Bg6 6. h4 h6 7. Ne5 Bh7 8.
Qh5 g6 9. Bc4 e6 10. Qe2 Qe7 11. d4 Nd7 12. Nxd7 Kxd7 13. Ne4 b6 14. Bf4 Qe8
15. Be5 f5 16. Ng3 Nf6 17. Bxf6 Rg8 18. O-O-O Qf7 19. Be5 Be7 20. Bf4 Bf6 21.
Bxh6 Rh8 22. Bg5 Bg8 23. Bxf6 Qxf6 24. Qe5 Qxe5 25. dxe5+ Kc7 26. Ne2 b5 27.
Bb3 c5 28. c4 b4 29. Nf4 Rh6 30. Ba4 Rd8 31. g3 1-0

[Event "Chigorin Memorial"]
[Site "St Petersburg"]
[Date "2015.10.04"]
[Round "2.182"]
[White "Privorotsky, Oleg"]
[Black "Muradyan, Asya"]
[Result "1-0"]
[WhiteElo "1985"]
[BlackElo "1501"]
[PlyCount "119"]
[EventDate "2015.10.03"]
[EventRounds "9"]
[EventCountry "RUS"]

1. e4 c5 2. Nf3 Nc6 3. c3 Nf6 4. e5 Nd5 5. d4 cxd4 6. cxd4 e6 7. Nc3 Nxc3 8.
bxc3 Be7 9. Bd3 O-O 10. O-O b6 11. Re1 Bb7 12. Qc2 g6 13. Qe2 d6 14. exd6 Qxd6
15. Ng5 Bxg5 16. Bxg5 Qd5 17. f4 Rac8 18. Be4 Qd7 19. Bf6 Ne7 20. Bxb7 Qxb7 21.
c4 Nf5 22. g4 Nd6 23. Rac1 Ne8 24. Bg5 Nc7 25. Bh6 Rfd8 26. Qe5 Ne8 27. Bg5 Rd7
28. f5 Qc7 29. Qe2 exf5 30. gxf5 f6 31. Qe6+ Kg7 32. Bf4 Qb7 33. d5 g5 34. Bg3
h5 35. h4 g4 36. a4 a5 37. Rb1 Rdd8 38. Rxb6 Qa7 39. Bf2 Qf7 40. Qxf7+ Kxf7 41.
Rb7+ Kg8 42. Bb6 Nd6 43. Rbe7 Rf8 44. c5 Nxf5 45. d6 Nxe7 46. Rxe7 Rb8 47. d7
Rxb6 48. cxb6 Rd8 49. Re8+ Kf7 50. Rxd8 Ke7 51. Rh8 Kxd7 52. b7 f5 53. b8=Q f4
54. Rh7+ Ke6 55. Qe8+ Kd5 56. Rd7+ Kc4 57. Qc8+ Kb3 58. Rb7+ Kxa4 59. Qc4+ Ka3
60. Qb3# 1-0

[Event "Chigorin Memorial"]
[Site "St Petersburg"]
[Date "2015.10.04"]
[Round "2.183"]
[White "Smorodkin, Kirill"]
[Black "Stepanov, Andrey"]
[Result "0-1"]
[WhiteElo "1516"]
[BlackElo "1980"]
[PlyCount "116"]
[EventDate "2015.10.03"]
[EventRounds "9"]
[EventCountry "RUS"]

1. e4 c5 2. Nf3 d6 3. d4 cxd4 4. Nxd4 Nf6 5. Nc3 Nc6 6. f3 e5 7. Nb3 Be6 8. Be3
d5 9. exd5 Nxd5 10. Nxd5 Bxd5 11. Be2 Bxb3 12. axb3 a6 13. O-O Qc7 14. Qe1 Be7
15. c3 O-O 16. Bd3 Rad8 17. Rd1 Kh8 18. Qe2 f5 19. Qc2 g6 20. Kh1 Rd7 21. Bh6
Rfd8 22. Be3 Kg7 23. g3 Bf6 24. Qb1 Ne7 25. Bc4 b5 26. Be2 Nd5 27. Bg1 Qc6 28.
c4 Nc7 29. Rxd7+ Rxd7 30. Rd1 Rxd1 31. Qxd1 Ne6 32. Qd5 Qxd5 33. cxd5 Nc7 34.
d6 Ne6 35. b4 Kf7 36. Bc5 Ke8 37. Bd1 Kd7 38. Kg2 Bg7 39. Kf2 Bf8 40. Be3 Bxd6
41. Bd2 Nd4 42. Ke3 Nc6 43. f4 exf4+ 44. gxf4 Bxb4 45. Bxb4 Nxb4 46. Bb3 Kd6
47. Bg8 Nd5+ 48. Kf3 Ne7 49. Bb3 Nd5 50. Ba2 Kc5 51. Bb3 a5 52. Bc2 Kd4 53. h4
h5 54. b3 Kc3 55. Bd1 Kd2 56. Be2 Nc3 57. Bf1 Kc2 58. Ke3 Kxb3 0-1

[Event "Chigorin Memorial"]
[Site "St Petersburg"]
[Date "2015.10.04"]
[Round "2.184"]
[White "Permin, Viktor"]
[Black "Prishibilovich, Matvei"]
[Result "1-0"]
[WhiteElo "1978"]
[BlackElo "1409"]
[PlyCount "117"]
[EventDate "2015.10.03"]
[EventRounds "9"]
[EventCountry "RUS"]

1. d4 d5 2. c4 e6 3. Nf3 Nf6 4. g3 Be7 5. Bg2 O-O 6. O-O Nbd7 7. Qc2 c6 8. Nbd2
Re8 9. Rd1 Nf8 10. e4 Bd7 11. e5 Ng4 12. c5 Nh6 13. Nf1 Nf5 14. Ne3 g6 15. h4
h5 16. Rb1 Rb8 17. b4 b6 18. Nxf5 exf5 19. Bg5 Ne6 20. Bxe7 Qxe7 21. Qd2 b5 22.
Ng5 Nxg5 23. hxg5 Rb7 24. a4 Reb8 25. axb5 Rxb5 26. Bf1 R5b7 27. Ba6 Rc7 28.
Ra1 Bc8 29. Bf1 Qd7 30. Ra4 Ra8 31. Rb1 Rb7 32. Rba1 Rc7 33. Ra5 Rb8 34. R1a4
Kg7 35. f4 Rcb7 36. Qc3 Rc7 37. Qa3 Ra8 38. Qa2 Kg8 39. b5 cxb5 40. Bxb5 Qe7
41. Qxd5 Rb8 42. Qd6 Qxd6 43. exd6 Rcb7 44. Bf1 Bd7 45. d5 Bxa4 46. Rxa4 Rb3
47. c6 Rxg3+ 48. Kf2 h4 49. c7 Rb2+ 50. Be2 Rxe2+ 51. Kxe2 h3 52. c8=Q+ Kg7 53.
d7 h2 54. Ra1 Rg1 55. d8=Q Rg2+ 56. Kf3 Rg3+ 57. Kxg3 h1=N+ 58. Rxh1 a5 59.
Qf6# 1-0

[Event "Chigorin Memorial"]
[Site "St Petersburg"]
[Date "2015.10.04"]
[Round "2.185"]
[White "Biyachuev, Minkail"]
[Black "Yakimenko, Viktoria"]
[Result "0-1"]
[WhiteElo "1437"]
[BlackElo "1974"]
[PlyCount "92"]
[EventDate "2015.10.03"]
[EventRounds "9"]
[EventCountry "RUS"]

1. d4 Nf6 2. Bf4 g6 3. c4 Bg7 4. Nc3 d6 5. e4 Nbd7 6. Nf3 c6 7. Bd3 O-O 8. Qc2
Nh5 9. Bg3 a6 10. O-O e5 11. Bh4 Qc7 12. d5 c5 13. Ne2 f6 14. Nd2 Bh6 15. f3
Rf7 16. Bf2 Nf8 17. Ng3 Nf4 18. Be3 Nh3+ 19. gxh3 Bxe3+ 20. Kg2 Qd7 21. Rfe1
Qxh3+ 22. Kh1 Bf4 23. Ndf1 Qh6 24. Ne2 Bg5 25. Nfg3 Be3 26. Ng1 Kh8 27. Bf1 Bf4
28. Qf2 Rb8 29. Re2 b5 30. cxb5 axb5 31. Rc2 Ra7 32. b4 Be3 33. Qe1 Bd4 34. Rb1
c4 35. N1e2 Be3 36. Bg2 Bd7 37. Nf1 Bb6 38. Qg3 Rba8 39. Nc1 Ra3 40. Qe1 Bd4
41. Ng3 Be3 42. Rc3 Bd2 43. Rxa3 Bxe1 44. Rxa8 Bxg3 45. h3 Bxh3 46. Rb2 Qxc1+
0-1

[Event "Chigorin Memorial"]
[Site "St Petersburg"]
[Date "2015.10.05"]
[Round "3.2"]
[White "Turov, Maxim"]
[Black "Eraschenkov, Denis"]
[Result "1-0"]
[WhiteElo "2609"]
[BlackElo "2402"]
[PlyCount "75"]
[EventDate "2015.10.03"]
[EventRounds "9"]
[EventCountry "RUS"]

1. d4 Nf6 2. c4 g6 3. Nc3 Bg7 4. e4 d6 5. f4 c5 6. d5 O-O 7. Nf3 b5 8. cxb5 a6
9. a4 axb5 10. Bxb5 Ba6 11. Bd2 Bxb5 12. axb5 Nbd7 13. O-O Ne8 14. Rxa8 Qxa8
15. Qe1 Nc7 16. Qh4 Bd4+ 17. Kh1 f6 18. Qh3 Qe8 19. Nxd4 cxd4 20. Ne2 Nxb5 21.
b4 f5 22. Qd3 Nf6 23. exf5 gxf5 24. Ng3 Kh8 25. Qxf5 Qf7 26. Re1 Nxd5 27. Qd3
Ndc7 28. f5 Ra8 29. Bg5 Re8 30. h4 Qg7 31. Nh5 Qf7 32. Nf4 Rf8 33. g4 Ra8 34.
Rxe7 Ra1+ 35. Kh2 Qa2+ 36. Ng2 Qf2 37. f6 Qg1+ 38. Kg3 1-0

[Event "Chigorin Memorial"]
[Site "St Petersburg"]
[Date "2015.10.05"]
[Round "3.3"]
[White "Sarana, Alexey"]
[Black "Aleksandrov, Aleksej"]
[Result "1/2-1/2"]
[WhiteElo "2413"]
[BlackElo "2606"]
[PlyCount "99"]
[EventDate "2015.10.03"]
[EventRounds "9"]
[EventCountry "RUS"]

1. d4 Nf6 2. c4 e6 3. Nf3 d5 4. Nc3 Bb4 5. Qa4+ Nc6 6. Ne5 Bd7 7. Nxd7 Nxd7 8.
e3 Nb6 9. Qb3 dxc4 10. Bxc4 Nxc4 11. Qxc4 Qd5 12. Qxd5 exd5 13. Bd2 Ne7 14. Nb5
Bxd2+ 15. Kxd2 Kd7 16. Kd3 h5 17. Nc3 a5 18. f3 Ra6 19. Rae1 Rg6 20. Re2 Rd8
21. Rf1 Kc8 22. Rb1 Nf5 23. Rc1 Kb8 24. Na4 b6 25. a3 Nd6 26. Nc3 c6 27. Rf1
Rd7 28. e4 dxe4+ 29. fxe4 f6 30. Rf3 b5 31. Rg3 Rxg3+ 32. hxg3 Kc7 33. Rc2 Kb6
34. b3 Rd8 35. Rf2 Kc7 36. Rc2 Kb7 37. a4 b4 38. Nd1 Nf7 39. Ke3 Ng5 40. Nf2
Ne6 41. Rc4 Rh8 42. Nd3 h4 43. gxh4 Rxh4 44. d5 Nd8 45. Rc1 Rg4 46. Kf3 Rg5 47.
Nf4 Re5 48. Nd3 Rg5 49. Nf4 Re5 50. Nd3 1/2-1/2

[Event "Chigorin Memorial"]
[Site "St Petersburg"]
[Date "2015.10.05"]
[Round "3.4"]
[White "Kozionov, Kirill"]
[Black "Kokarev, Dmitry"]
[Result "1/2-1/2"]
[WhiteElo "2409"]
[BlackElo "2603"]
[PlyCount "70"]
[EventDate "2015.10.03"]
[EventRounds "9"]
[EventCountry "RUS"]

1. d4 Nf6 2. c4 g6 3. Nc3 Bg7 4. e4 d6 5. h3 O-O 6. Be3 Na6 7. Nf3 c6 8. a3 e5
9. d5 Bd7 10. Nd2 Ne8 11. g4 cxd5 12. cxd5 f5 13. gxf5 gxf5 14. exf5 Bxf5 15.
Nde4 Nf6 16. Bd3 Kh8 17. Rg1 Bxe4 18. Bxe4 Rc8 19. Bf5 Rxc3 20. bxc3 Qa5 21.
Qd2 Nh5 22. Rg5 Nf4 23. Bxf4 exf4 24. Rxg7 Kxg7 25. Qd4+ Rf6 26. Ke2 Nc5 27.
Rg1+ Kf7 28. Bxh7 Qb5+ 29. c4 Qb3 30. Bg8+ Ke8 31. Qxf6 Qd3+ 32. Ke1 Qb1+ 33.
Ke2 Qd3+ 34. Ke1 Qb1+ 35. Ke2 Qd3+ 1/2-1/2

[Event "Chigorin Memorial"]
[Site "St Petersburg"]
[Date "2015.10.05"]
[Round "3.5"]
[White "Khusenkhojaev, Muhammad"]
[Black "Sakaev, Konstantin"]
[Result "1/2-1/2"]
[WhiteElo "2398"]
[BlackElo "2594"]
[PlyCount "83"]
[EventDate "2015.10.03"]
[EventRounds "9"]
[EventCountry "RUS"]

1. Nf3 g6 2. c4 Bg7 3. d4 Nf6 4. g3 d5 5. cxd5 Nxd5 6. Bg2 Nb6 7. Nc3 Nc6 8. e3
O-O 9. O-O Re8 10. d5 Na5 11. Nd4 Bd7 12. b3 c6 13. dxc6 Nxc6 14. Nxc6 Bxc6 15.
Bxc6 bxc6 16. Bb2 Qc8 17. Rc1 Qe6 18. Qc2 c5 19. Nd1 Rec8 20. Bxg7 Kxg7 21. Nb2
a5 22. Nc4 a4 23. bxa4 Nxc4 24. Qxc4 Qd7 25. a5 Qc7 26. a6 Qc6 27. Rc2 Rxa6 28.
Rfc1 Rca8 29. Qc3+ Qf6 30. Qxf6+ Kxf6 31. Rxc5 Rxa2 32. h4 Ra1 33. Rxa1 Rxa1+
34. Kg2 h5 35. Rb5 e6 36. Kf3 Ra2 37. Rb7 Rc2 38. Ra7 Rb2 39. Rc7 Ra2 40. Rb7
Rc2 41. Ra7 Rb2 42. Rc7 1/2-1/2

[Event "Chigorin Memorial"]
[Site "St Petersburg"]
[Date "2015.10.05"]
[Round "3.6"]
[White "Litvinov, Maxim"]
[Black "Andriasian, Zaven"]
[Result "1/2-1/2"]
[WhiteElo "2397"]
[BlackElo "2591"]
[PlyCount "82"]
[EventDate "2015.10.03"]
[EventRounds "9"]
[EventCountry "RUS"]

1. e4 c5 2. Nf3 d6 3. d4 cxd4 4. Qxd4 a6 5. c4 Nc6 6. Qe3 Bg4 7. Be2 g6 8. O-O
Bg7 9. Rd1 Qc7 10. Nc3 Nf6 11. Rb1 O-O 12. b3 Rfd8 13. Bb2 Bxf3 14. Bxf3 e6 15.
Be2 h5 16. Rd2 Kh7 17. Qg3 e5 18. Bf1 Nd4 19. Rbd1 Qc6 20. Qh4 Rac8 21. Nd5
Nxd5 22. exd5 Qd7 23. Bxd4 exd4 24. Bd3 Kg8 25. Re2 Re8 26. Rde1 Re5 27. f4
Rxe2 28. Rxe2 Re8 29. Qe1 Rxe2 30. Qxe2 Bf6 31. f5 Kg7 32. fxg6 fxg6 33. Qe4
Qf7 34. Qe6 Be5 35. Qxf7+ Kxf7 36. h3 Kf6 37. Kf2 a5 38. Kf3 b6 39. a3 Bh2 40.
a4 h4 41. Ke4 Bg1 1/2-1/2

[Event "Chigorin Memorial"]
[Site "St Petersburg"]
[Date "2015.10.05"]
[Round "3.7"]
[White "Bok, Benjamin"]
[Black "Lobanov, Sergei"]
[Result "1/2-1/2"]
[WhiteElo "2591"]
[BlackElo "2394"]
[PlyCount "84"]
[EventDate "2015.10.03"]
[EventRounds "9"]
[EventCountry "RUS"]

1. Nf3 Nf6 2. c4 e6 3. g3 d5 4. d4 Be7 5. Bg2 O-O 6. O-O dxc4 7. Qc2 a6 8. a4
Nc6 9. Qxc4 Qd5 10. Nbd2 Rd8 11. e3 Qh5 12. b3 e5 13. dxe5 Ng4 14. h3 Ngxe5 15.
g4 Nxc4 16. gxh5 Bf6 17. Rb1 Nxd2 18. Nxd2 Bf5 19. Ne4 Bh4 20. Rb2 Be7 21. Bd2
Rd3 22. b4 Rad8 23. b5 axb5 24. axb5 Bxe4 25. Bxe4 Rxd2 26. Rxd2 Rxd2 27. bxc6
bxc6 28. Bxc6 Bh4 29. Kg2 Kf8 30. Kf3 Ke7 31. Ba4 f5 32. Bb5 c5 33. Be2 Kf6 34.
Rc1 Rd5 35. Rd1 Ke5 36. Rxd5+ Kxd5 37. Bd3 g6 38. hxg6 hxg6 39. e4+ Kd4 40. Bb1
fxe4+ 41. Bxe4 Bxf2 42. Bxg6 Bh4 1/2-1/2

[Event "Chigorin Memorial"]
[Site "St Petersburg"]
[Date "2015.10.05"]
[Round "3.8"]
[White "Siva, Mahadevan"]
[Black "Sandipan, Chanda"]
[Result "0-1"]
[WhiteElo "2392"]
[BlackElo "2567"]
[PlyCount "92"]
[EventDate "2015.10.03"]
[EventRounds "9"]
[EventCountry "RUS"]

1. e4 c5 2. Nf3 e6 3. d4 cxd4 4. Nxd4 Nc6 5. Nc3 Qc7 6. Be2 Nf6 7. O-O Be7 8.
Be3 O-O 9. f4 d6 10. Kh1 Nxd4 11. Qxd4 b6 12. Rad1 Bb7 13. Bf3 Rfd8 14. f5 Rac8
15. fxe6 fxe6 16. Nb5 Qb8 17. c4 a6 18. Nc3 b5 19. cxb5 axb5 20. Qb6 Qa8 21.
Qxb5 Ba6 22. Qb3 Bc4 23. Qb4 e5 24. Rf2 Rd7 25. b3 d5 26. Qa4 d4 27. Qxa8 Rxa8
28. bxc4 dxe3 29. Rff1 Rd2 30. Rxd2 exd2 31. Rd1 Bb4 32. Nd5 Nxd5 33. cxd5 Rxa2
34. Kg1 Rc2 35. Rf1 Bc5+ 36. Kh1 Rc3 37. Rd1 Re3 38. h3 Re1+ 39. Kh2 Be3 40. g3
Kf7 41. Kg2 Ke7 42. Bg4 Kd6 43. h4 Kc5 44. Bf3 Kb4 45. d6 Kc3 46. d7 Bb6 0-1

[Event "Chigorin Memorial"]
[Site "St Petersburg"]
[Date "2015.10.05"]
[Round "3.9"]
[White "Belous, Vladimir"]
[Black "Yanchenko, Roman"]
[Result "1-0"]
[WhiteElo "2566"]
[BlackElo "2370"]
[PlyCount "109"]
[EventDate "2015.10.03"]
[EventRounds "9"]
[EventCountry "RUS"]

1. c4 Nf6 2. Nc3 e6 3. d4 d5 4. cxd5 exd5 5. Bg5 Nbd7 6. e3 c6 7. Bd3 Bd6 8.
Qc2 Nf8 9. Nf3 Ng6 10. O-O-O Bg4 11. h4 Nf8 12. e4 dxe4 13. Nxe4 Bxf3 14. gxf3
Ne6 15. Nxf6+ gxf6 16. Be3 Qa5 17. Kb1 O-O-O 18. Bxh7 Kb8 19. Be4 Rh5 20. Rd3
Rb5 21. Rb3 Rh8 22. h5 Rxb3 23. Qxb3 Rxh5 24. Rxh5 Qxh5 25. Bxc6 Nd8 26. Be4
Qa5 27. a3 f5 28. Qd5 Qxd5 29. Bxd5 Ne6 30. Kc2 f4 31. Bd2 Nxd4+ 32. Kd3 Ne6
33. Bxe6 fxe6 34. Ke4 Kc8 35. Bxf4 Bf8 36. Be3 a6 37. f4 Kd7 38. f5 Bg7 39.
fxe6+ Kxe6 40. Bd4 Bf8 41. f4 Bh6 42. Be5 Bf8 43. f5+ Kd7 44. Kd5 Bh6 45. Bf6
Bc1 46. a4 Bd2 47. b3 b5 48. axb5 axb5 49. Bh4 b4 50. f6 Bc1 51. Ke5 Bh6 52.
Be1 Bf8 53. Kd5 Bd6 54. Bd2 Bf8 55. Bf4 1-0

[Event "Chigorin Memorial"]
[Site "St Petersburg"]
[Date "2015.10.05"]
[Round "3.10"]
[White "Duzhakov, Ilya"]
[Black "Lintchevski, Daniil"]
[Result "1/2-1/2"]
[WhiteElo "2381"]
[BlackElo "2562"]
[PlyCount "81"]
[EventDate "2015.10.03"]
[EventRounds "9"]
[EventCountry "RUS"]

1. d4 e6 2. c4 Nf6 3. g3 d5 4. Bg2 dxc4 5. Nf3 c5 6. O-O Nc6 7. Qa4 Bd7 8. Qxc4
b5 9. Qd3 Rc8 10. dxc5 Bxc5 11. Nc3 Nb4 12. Qb1 Bc6 13. a3 Nbd5 14. Ne5 Ba8 15.
Nxb5 Qb6 16. Nc3 Nxc3 17. bxc3 Bxg2 18. Kxg2 Bd6 19. Qxb6 axb6 20. Nd3 Rxc3 21.
Rb1 O-O 22. Rxb6 Bxa3 23. Bxa3 Rxa3 24. Rfb1 g6 25. Rb8 Ra5 26. Rxf8+ Kxf8 27.
Rb7 Rd5 28. Rc7 Rd7 29. Rxd7 Nxd7 30. g4 Kg7 31. h3 f5 32. f4 h6 33. Kf3 Kf6
34. e4 e5 35. fxe5+ Nxe5+ 36. Nxe5 Kxe5 37. exf5 gxf5 38. gxf5 Kxf5 39. Kg3 Kg5
40. Kf3 Kf5 41. Kg3 1/2-1/2

[Event "Chigorin Memorial"]
[Site "St Petersburg"]
[Date "2015.10.05"]
[Round "3.11"]
[White "Rozum, Ivan"]
[Black "Akkozov, Berik"]
[Result "1-0"]
[WhiteElo "2547"]
[BlackElo "2356"]
[PlyCount "65"]
[EventDate "2015.10.03"]
[EventRounds "9"]
[EventCountry "RUS"]

1. Nf3 Nf6 2. c4 c6 3. Nc3 d5 4. e3 Bg4 5. h3 Bxf3 6. Qxf3 e6 7. d4 Nbd7 8. Bd3
Bd6 9. O-O O-O 10. Rd1 Re8 11. Qe2 Qe7 12. Bd2 Rad8 13. Be1 a6 14. Qc2 e5 15.
dxe5 Qxe5 16. g3 Qh5 17. Kg2 Nb6 18. Be2 Qg5 19. h4 Qh6 20. cxd5 cxd5 21. Bf3
g5 22. Qb3 Bc7 23. hxg5 Qxg5 24. Rd4 Re5 25. Rad1 Rf5 26. R1d3 Rd7 27. a4 Kh8
28. e4 Rxf3 29. Rxf3 Qe5 30. Qb4 Kg8 31. Nxd5 Nbxd5 32. exd5 Ba5 33. Rg4+ 1-0

[Event "Chigorin Memorial"]
[Site "St Petersburg"]
[Date "2015.10.05"]
[Round "3.12"]
[White "Rodin, Dmitrij"]
[Black "Alekseenko, Kirill"]
[Result "0-1"]
[WhiteElo "2378"]
[BlackElo "2539"]
[PlyCount "200"]
[EventDate "2015.10.03"]
[EventRounds "9"]
[EventCountry "RUS"]

1. e4 e5 2. Nf3 Nc6 3. Bb5 a6 4. Ba4 Nf6 5. O-O Be7 6. Bxc6 dxc6 7. Qe1 c5 8.
Nc3 Nd7 9. d3 O-O 10. Nd5 Bd6 11. Ne3 Nb8 12. Bd2 Nc6 13. Rd1 Be6 14. b3 Re8
15. Nf5 Bf8 16. Ng5 Bxf5 17. exf5 Nd4 18. Qe4 h6 19. c3 Nb5 20. Nf3 Nd6 21. Qd5
Nxf5 22. Qxb7 Qd6 23. Qe4 Qe6 24. Rfe1 f6 25. Be3 Rad8 26. h3 Nd6 27. Qc6 Nb5
28. Qxe6+ Rxe6 29. c4 Na7 30. b4 Nc6 31. bxc5 Ree8 32. a3 Na5 33. Kf1 Nb3 34.
d4 exd4 35. Nxd4 Na5 36. Nc2 Nxc4 37. Bd4 Kf7 38. a4 Na5 39. Bc3 Rxe1+ 40. Kxe1
Rxd1+ 41. Kxd1 Nb3 42. c6 Ke6 43. Ke2 Kd5 44. Bb4 Bc5 45. Kd3 Bd6 46. f3 Nc5+
47. Bxc5 Bxc5 48. Na1 Kxc6 49. Kc4 Kd6 50. Nb3 Bb6 51. Nc1 c6 52. Nd3 a5 53.
Nf4 Ke5 54. Ng6+ Ke6 55. Nf8+ Ke7 56. Ng6+ Kd6 57. Nf4 Ke5 58. Ng6+ Ke6 59.
Nf8+ Ke7 60. Ng6+ Kf7 61. Nf4 Be3 62. Nd3 Ke6 63. Nc5+ Kf5 64. Nb3 Bb6 65. Nd4+
Kf4 66. Nxc6 Kg3 67. Kb5 Bf2 68. Nxa5 Kxg2 69. Nc6 h5 70. a5 h4 71. a6 Kxh3 72.
Kc4 Bb6 73. Kb5 Bf2 74. Kc4 Kg3 75. Nd4 Bxd4 76. Kxd4 h3 77. a7 h2 78. a8=Q
h1=Q 79. Qb8+ Kg2 80. Qb2+ Kh3 81. Ke4 Qe1+ 82. Kf5 Qe3 83. f4 Qd3+ 84. Ke6 Kg3
85. f5 Qc4+ 86. Kd6 Qe4 87. Qa3+ Kf4 88. Qa7 Qe5+ 89. Kc6 Qe8+ 90. Kd5 Qb5+ 91.
Kd6 Qd3+ 92. Kc6 Qg3 93. Qc7+ Kf3 94. Qb7 Ke4 95. Qb1+ Kf4 96. Kd6 Qe3 97. Qf1+
Kg4 98. Kd7 Kg5 99. Qg2+ Kxf5 100. Qxg7 Qa7+ 0-1

[Event "Chigorin Memorial"]
[Site "St Petersburg"]
[Date "2015.10.05"]
[Round "3.13"]
[White "Timofeev, Artyom"]
[Black "Musaev, Rasul"]
[Result "1-0"]
[WhiteElo "2539"]
[BlackElo "2351"]
[PlyCount "75"]
[EventDate "2015.10.03"]
[EventRounds "9"]
[EventCountry "RUS"]

1. e4 e6 2. d4 d5 3. e5 c5 4. c3 Qb6 5. Nf3 Bd7 6. Be2 Bb5 7. dxc5 Bxc5 8. b4
Bxe2 9. Qxe2 Be7 10. O-O Nd7 11. Na3 a6 12. c4 Nh6 13. Bxh6 gxh6 14. cxd5 exd5
15. Nc2 Nf8 16. Ne3 Rd8 17. Rad1 Ne6 18. Nxd5 Rxd5 19. Rxd5 Nf4 20. Qe4 Nxd5
21. Qxd5 Qxb4 22. e6 O-O 23. exf7+ Kg7 24. Nd4 Rxf7 25. Nf5+ Kg6 26. Qe6+ Bf6
27. Nxh6 Rf8 28. Ng4 Qd4 29. h3 h5 30. Ne3 Rf7 31. Qf5+ Kh6 32. Qe6 Kg6 33. Re1
Qd3 34. Rd1 Qb5 35. Qe4+ Kg7 36. Nf5+ Kf8 37. Nd6 Qd7 38. Qg6 1-0